Projekt vodovodu v administratívnej budove

Gespeichert in:
Bibliographische Detailangaben
1. Verfasser: Gunárová, Radka (Verfasst von)
Weitere Verfasser: Jánošková, Taťjana (Betreuung Doktorarbeit)
Format: Manuskript Buch
Sprache:Slowakisch
Veröffentlicht: 2019
Schlagworte:
Online-Zugang:http://is.stuba.sk/zp/portal_zp.pl?podrobnosti=145336
https://opac.crzp.sk/?fn=detailBiblioForm&sid=9F8942B94996237AA3F41CF666DC
Tags: Tag hinzufügen
Keine Tags, Fügen Sie das erste Tag hinzu!

MARC

LEADER 00000ntm a22000003a 4500
001 stuzp72772
003 SK-STU
005 20230530152245.7
007 ta
008 150427s2015----xo-----f-mn---000-0-slo-d
040 |a STU  |b slo 
041 0 |a slo 
100 1 |a Gunárová, Radka  |u 010290  |k Z4  |4 aut  |U SvF Stavebná fakulta  |T SvF Katedra technických zariadení budov  |X 75659  |U V290  |Y 31  |7 75659 
242 0 1 |a Design of Internal Water supply in the High Building  |y eng 
245 1 0 |a Projekt vodovodu v administratívnej budove 
260 |c 2019 
650 4 |a vysoká budova  |2 slo 
650 4 |a rozvod pitnej vody  |2 slo 
650 4 |a rozvod vody na hasenie požiaru  |2 slo 
650 4 |a príprava teplej vody  |2 slo 
650 4 |a cirkulácia teplej vody  |2 slo 
650 4 |a tlakové pásmo  |2 slo 
650 4 |a automatická tlaková stanica  |2 slo 
650 4 |a drinking water distribution system  |2 eng 
650 4 |a fire fighting water distribution system  |2 eng 
650 4 |a hot water preparation  |2 eng 
650 4 |a hot water circulation  |2 eng 
650 4 |a pressure zone  |2 eng 
650 4 |a high rise building  |2 eng 
650 4 |a automatic pressure station  |2 eng 
700 1 |a Jánošková, Taťjana  |u 010290  |k Z1  |4 ths  |U SvF Stavebná fakulta  |T SvF Katedra technických zariadení budov  |X 2745  |U V290  |Y 31  |7 A000002745 
856 4 |u http://is.stuba.sk/zp/portal_zp.pl?podrobnosti=145336 
856 4 |u https://opac.crzp.sk/?fn=detailBiblioForm&sid=9F8942B94996237AA3F41CF666DC